Archivo de oficina
Uloženo v:
| Hlavní autoři: | , , , |
|---|---|
| Médium: | Kniha |
| Jazyk: | španělština |
| Vydáno: |
Madrid
Secretaría Genral Técnica
2003
|
| Vydání: | 1a. ed |
| Témata: | |
| Tagy: |
Přidat tag
Žádné tagy, Buďte první, kdo vytvoří štítek k tomuto záznamu!
|
MARC
| LEADER | 00000cam a2200000 a 4500 | ||
|---|---|---|---|
| 001 | UCC5288 | ||
| 003 | CL-VaPUC | ||
| 008 | 181005e20030000sp |||||||||||||||||spa|d | ||
| 082 | 0 | 4 | |a 020 |b CAR |2 21 |
| 100 | 0 | |a Carnicer Arribas, María Dolores |e author |9 599599 | |
| 700 | 0 | |a Conde Villaverde, María Luisa |e author |9 599600 | |
| 700 | 0 | |a Martín-Palomino y Benito, Mercedes |e author |9 599601 | |
| 700 | 0 | |a Romera Iruela, Luis |e author |9 599602 | |
| 245 | 1 | 0 | |a Archivo de oficina |
| 250 | |a 1a. ed | ||
| 300 | |a 87 p | ||
| 942 | |c BK | ||
| 945 | |d 20181005 11:02:00 |a dcastane | ||
| 260 | |a Madrid |b Secretaría Genral Técnica |c 2003 | ||
| 650 | 0 | |a Archivística |9 490081 | |
| 650 | 0 | |a Archivos |9 322428 | |
| 650 | 0 | |a Conservación de documentos |9 537102 | |
| 583 | |a last modification |c 20181012 10:34:37 |k Rodrigo Vera | ||
| 999 | |c 372541 |d 372539 | ||
| 952 | |0 0 |1 0 |3 erb |4 0 |6 020_000000000000000_CAR_2003 |7 0 |8 X |9 490221 |a FDOBUD |b FDOBUD |i 5500761 |o 020 CAR 2003 |p 5500761 |r 2019-11-24 |w 2019-11-24 |y BK_X |z Catalogado en:20181005 |k BUD | ||